|
|
|
|
| LEADER |
00000nab a2200000 a 4500 |
| 001 |
vtls001018358 |
| 003 |
SK-MaSNL |
| 005 |
20260303035452.0 |
| 008 |
040720e19950906xo 0 slo |
| 035 |
|
|
|a SN4301
|
| 040 |
|
|
|a SNSK
|b slo
|c SNSK
|e AACR2
|
| 041 |
0 |
|
|a slo
|
| 044 |
|
|
|a xo
|c SK
|
| 080 |
|
|
|a 684
|2 1981
|
| 080 |
|
|
|a 061.4
|2 1981
|
| 100 |
1 |
|
|a Spišiak, Ľubo
|4 aut
|9 957973
|
| 245 |
1 |
0 |
|a Nákladných expozícií ubúda
|
| 610 |
2 |
7 |
|a Spiš-Wiew-Trading (Spišská Nová Ves, Slovensko)
|2 SNSK
|9 1021308
|
| 650 |
0 |
7 |
|a nábytok
|2 SNSK
|9 3744
|
| 650 |
0 |
7 |
|a trhy výstavné
|2 SNSK
|9 880732
|
| 651 |
|
7 |
|a Spišská Nová Ves (Slovensko)
|2 SNSK
|9 28800
|
| 651 |
|
7 |
|a SN,
|2 SNSK
|9 1021277
|
| 655 |
|
7 |
|a periodikum
|2 snkbucl
|9 29553
|
| 710 |
2 |
|
|a Spišské výstavné trhy, Spišská Nová Ves
|4 aut
|9 1021312
|
| 773 |
0 |
8 |
|t Drevárska súčasnosť
|g Roč. 6, č.14, 6.9.1995, s. 3
|
| 852 |
|
|
|a ZVYKNI
|b KIS3GCP
|
| 999 |
|
|
|c 1677706
|d 1679636
|